000 01654nam a2200217 i 4500
001 80207
003 ES-MaACL
005 20250812233931.0
007 t|
008 041027m19511981sp ||||1| spa d
245 0 0 _aHistoria de las Campañas de Marruecos.
260 _aMadrid :
_bEstado Mayor Central de Ejercito, Servicio Histórico Militar,
_c1951-1981.
300 _a3 v. ;
_c27 cm.
500 _aPrecede al tít.: Estado Mayor Central del Ejército. Servicio Histórico Militar.
500 _aSon los v. 2, 3 y 4.
505 8 _aContiene: t. 1. Antecedentes (hasta mediados del siglo XIX), Guerra hispano-marroquí de 1859-1860, conflicto en el campo exterior de Melilla en 1893-1894 (XIV, 608 p., [100] h. de lám., algunas pleg.) -- t. 2. Campaña del Rif de 1909, campaña del Kert (1911-1912) y acción militar y política posterior en el territorio de Melilla (1912-1919), campañas de Yebala (1913-1919) (XX, 944 p., [120] p. de lám., algunas pleg.) -- t. 3. Continuación, interrupción y fin de las campañas de Yebala (1919-1920), situación en la región occidental (Ceuta-Tetuán, Larache) hasta el 13 de septiembre de 1923, acción militar y política en la Comandancia General de Melilla (1920-1923), derrumbamiento y reconquista (723 p., [60] h. de lám., algunas pleg.) -- t. 4. Desde la constitución del directorio militar hasta el final victorioso de la ación militar de España en Marruecos (267 p., [21] h. de lám., algunas pleg.)
650 7 _aConflicto hispano-marroquí, 1909-1927
_2embne
_9156658
710 1 _aEspaña.
_bServicio Histórico Militar.
_93980
852 _aES-MaACL
_jP-1007
999 _c80207
_d80207